Pays d'origine du club de foot #1 - Statistiques

Statistiques générales
  • Ce quiz a été pris 151 fois
  • Le résultat moyen est 11 sur 12
Statistiques - réponses
Par images Hint Réponse % Correct
Real Madrid Club de Fútbol Espagne
100%
Borussia Dortmund Allemagne
99%
Liverpool Football Club Angleterre
99%
Olympique lyonnais France
99%
FC Porto Portugal
99%
FC Internazionale Milano Italie
97%
VfL Wolfsburg Allemagne
96%
Clube de Regatas do Flamengo Brésil
94%
Celtic Football Club Écosse
93%
FK Partizan Belgrade Serbie
87%
Football Club Midtjylland Danemark
81%
Football Club Sheriff Tiraspol Moldavie
55%
Aucun quiz correspondant
Distribution des résultats
% des personnes avec chaque résultat
Percentile par nombre de réponses
Votre historique - résultats
Vous n’avez pas pris ce quiz